<?xml version="1.0" encoding="UTF-8"?>
<record
    xmlns:xsi="http://www.w3.org/2001/XMLSchema-instance"
    xsi:schemaLocation="http://www.loc.gov/MARC21/slim http://www.loc.gov/standards/marcxml/schema/MARC21slim.xsd"
    xmlns="http://www.loc.gov/MARC21/slim">

  <leader>01011nam a22002537a 4500</leader>
  <controlfield tag="005">20170124103109.0</controlfield>
  <datafield tag="010" ind1=" " ind2=" ">
    <subfield code="a">A-708323</subfield>
  </datafield>
  <datafield tag="020" ind1=" " ind2=" ">
    <subfield code="c">80.00</subfield>
  </datafield>
  <datafield tag="035" ind1=" " ind2=" ">
    <subfield code="a">A-708323</subfield>
  </datafield>
  <datafield tag="037" ind1=" " ind2=" ">
    <subfield code="b">Cen Lib/Ret</subfield>
  </datafield>
  <datafield tag="040" ind1=" " ind2=" ">
    <subfield code="a">DPL</subfield>
    <subfield code="b">HN</subfield>
  </datafield>
  <datafield tag="082" ind1=" " ind2=" ">
    <subfield code="a">401.802</subfield>
    <subfield code="b">&#x930;&#x93E;&#x92E;&#x941;&#x932;&#x941; </subfield>
  </datafield>
  <datafield tag="100" ind1=" " ind2=" ">
    <subfield code="a">&#x930;&#x93E;&#x92E;&#x941;&#x932;&#x941;, &#x938;&#x940;&#x90F;&#x91A; </subfield>
    <subfield code="9">79262</subfield>
  </datafield>
  <datafield tag="245" ind1=" " ind2=" ">
    <subfield code="a">&#x905;&#x928;&#x941;&#x935;&#x93E;&#x926; :</subfield>
    <subfield code="c">&#x938;&#x940;&#x90F;&#x91A; &#x930;&#x93E;&#x92E;&#x941;&#x932;&#x941; </subfield>
    <subfield code="b">&#x938;&#x94D;&#x935;&#x930;&#x941;&#x92A; &#x914;&#x930; &#x92A;&#x94D;&#x930;&#x915;&#x94D;&#x930;&#x93F;&#x92F;&#x93E; /</subfield>
  </datafield>
  <datafield tag="246" ind1=" " ind2=" ">
    <subfield code="a">Anuvad : swaroop aur prakriya /</subfield>
    <subfield code="b">by C.H. Ramulu</subfield>
  </datafield>
  <datafield tag="260" ind1=" " ind2=" ">
    <subfield code="a">&#x939;&#x93E;&#x925;&#x930;&#x938; </subfield>
    <subfield code="b">&#x938;&#x940;&#x924;&#x93E; &#x92A;&#x94D;&#x930;&#x915;&#x93E;&#x936;&#x928; </subfield>
    <subfield code="c">1994</subfield>
  </datafield>
  <datafield tag="270" ind1=" " ind2=" ">
    <subfield code="b">&#x939;&#x93E;&#x925;&#x930;&#x938; </subfield>
    <subfield code="a">&#x92E;&#x94B;&#x924;&#x940; &#x92C;&#x93E;&#x91C;&#x93C;&#x93E;&#x930; </subfield>
    <subfield code="e">204101</subfield>
  </datafield>
  <datafield tag="300" ind1=" " ind2=" ">
    <subfield code="a">144&#x92A;&#x943;.</subfield>
    <subfield code="c">19&#x938;&#x947;&#x92E;&#x940; (&#x938;&#x91C;&#x93F;&#x932;&#x94D;&#x926;)</subfield>
  </datafield>
  <datafield tag="650" ind1=" " ind2=" ">
    <subfield code="a">&#x939;&#x93F;&#x902;&#x926;&#x940;--&#x92D;&#x93E;&#x937;&#x93E; </subfield>
    <subfield code="9">79263</subfield>
  </datafield>
  <datafield tag="650" ind1=" " ind2=" ">
    <subfield code="a">&#x939;&#x93F;&#x902;&#x926;&#x940;--&#x92D;&#x93E;&#x937;&#x93E;--&#x935;&#x94D;&#x92F;&#x93E;&#x915;&#x930;&#x923; </subfield>
    <subfield code="9">131</subfield>
  </datafield>
  <datafield tag="650" ind1=" " ind2=" ">
    <subfield code="a">Hindi--language</subfield>
    <subfield code="9">9446</subfield>
  </datafield>
  <datafield tag="650" ind1=" " ind2=" ">
    <subfield code="a">Hindi - Language - Grammer</subfield>
    <subfield code="9">79264</subfield>
  </datafield>
  <datafield tag="942" ind1=" " ind2=" ">
    <subfield code="2">ddc</subfield>
    <subfield code="c">HN</subfield>
    <subfield code="h">401.802</subfield>
    <subfield code="m">&#x930;&#x93E;&#x92E;&#x941;&#x932;&#x941; </subfield>
  </datafield>
  <datafield tag="999" ind1=" " ind2=" ">
    <subfield code="c">118282</subfield>
    <subfield code="d">118282</subfield>
  </datafield>
  <datafield tag="952" ind1=" " ind2=" ">
    <subfield code="0">4</subfield>
    <subfield code="1">0</subfield>
    <subfield code="4">0</subfield>
    <subfield code="7">0</subfield>
    <subfield code="a">L</subfield>
    <subfield code="b">L</subfield>
    <subfield code="d">2015-09-10</subfield>
    <subfield code="e">Cen Lib/Ref</subfield>
    <subfield code="g">80.00</subfield>
    <subfield code="l">0</subfield>
    <subfield code="o">401.802 &#x930;&#x93E;&#x92E;&#x941;&#x932;&#x941;</subfield>
    <subfield code="p">A-708323</subfield>
    <subfield code="r">2015-09-10 00:00:00</subfield>
    <subfield code="t">1</subfield>
    <subfield code="v">80.00</subfield>
    <subfield code="w">2015-09-10</subfield>
    <subfield code="y">HN</subfield>
    <subfield code="z">Written off on approval by DLB (By Circulation); dtd 15-06-2023</subfield>
  </datafield>
</record>
